000 02016cam a22005894i 4500
003 PE-LiUPU
005 20250731170445.0
008 150706s r 000 0 d
020 _a8436818253
035 _a(Sirsi) i9788436818253
040 _aPE-LiUPU
_bspa
_cPE-LiUPU
_erda
049 _aPRUA
082 0 4 _a159.942
_bM42
_221
100 1 _aMéndez Carrillo, Francisco Xavier,
_eautor.
245 1 3 _aEl niño miedoso /
_cFrancisco Xavier Méndez Carrillo.
264 1 _aMadrid :
_bPirámide,
_c2003.
300 _a148 páginas ;
_c22 centímetros
336 _atext
_2rdacontent
337 _aunmediated
_2rdamedia
338 _avolume
_2rdacarrier
490 0 _aColección "Guías para padres"
505 0 _a¿En que consisten los miedos infantiles -- ¿Por qué los niños tienen miedo? -- ¿Cómo ayudo a mi hijo a vencer sus miedos? -- ¿Cómo actuar en el miedo a la oscuridad? -- ¿Cómo actuar en el miedo a la separación y en el miedo al colegio.
526 _aSEG68
526 _aSEG70
526 _aSEG69
526 _aSEG67
526 _aSEG43
526 _aP144
526 _aP143
526 _aP131
526 _aP122
526 _aP120
526 _aP117
526 _aP112
526 _aP110
526 _aP106
526 _aP101
526 _aP80
526 _aP59
526 _aP54
526 _aP35
526 _aP33
526 _aP30
541 _g001-0114464;
650 0 4 _aMiedo en niños.
910 _blch
_clch
_d20090603
942 _2ddc
_cBOOK
949 _a159.942 M42
_wDEWEY
_c1
_i59695
_d2015-8-21
_e2015-8-11
_lCCODEBUL1
_mBUL
_n1
_p17.00
_r0
_sY
_tBOOK
_u2015-7-6
_xEDUCACION
_PP20
_0COMPRA
_o.STAFF. Colección General
994 _aC0
_bPEPRU
596 _a1
999 _a159.942 M42
_wDEWEY
_c49246
_i59695
_d49246
_e2015-8-11
_f2021-11-8
_g5
_lCCODEBUL1
_mBUL
_n1
_p17.00
_q2
_r0
_sY
_tBOOK
_u2015-7-6
_xEDUCACION
_PP20
_0COMPRA
_o.STAFF. Colección General
980 _81
_gALBERTO SANCHEZ Responsable de Automatización